Score 0/18 Timer 04:00
0 Plays Today
Quote Missing Word % Correct
I hope you're pleased with yourselves. We could all have been killed — or worse, ____.expelled
94.1%
There you are. Where have you been. The most ridiculous rumours — someone said you'd been expelled for crashing a ____ car.flying
92.1%
I never thought to look in here! I got it out of the library weeks ago for a bit of ____ reading.light
92%
Has anyone seen a ____? Neville's lost one.toad
89.7%
At least no one on the Gryffindor team had to buy their way in. They got in on pure ____.talent
89.6%
Harry — I think I've just understood something! I've got to go to the ____!library
88.1%
Just because it's taken you three years to notice, Ron, doesn't mean no one else has spotted I'm a ____!girl
85.4%
Harry, don't trust [Lupin], he's been helping Black get into the castle, he wants you dead too — he's a ____.werewolf
81.7%
You were the only person last year who could throw off the Imperius Curse...you can produce a _____, you can do all sorts of stuff that full-grown wizards can’t.Patronus
77.2%
Quote Missing Word % Correct
Are you a ____ or what?wizard
64.2%
You come back after weeks — weeks — and you think it's all going to be all right if you just say ____?sorry
63.2%
Just because you've got the emotional range of a ____ doesn't mean we all have.teaspoon
63%
Oh, I've just escaped — I mean, I've just left Cormac, under the ____. mistletoe
56.3%
Not spew. It's S - P - E - W. Stands for the Society for the ____ of Elfish Welfare.Promotion
55.1%
And yet, I doubt you'd find a woman who sulked for half an hour because Madam ____ didn't laugh at their joke about the hag, the Healer and the Mimbulus mimbletonia.Rosmerta
48.6%
I'll tell you what it means. It means the Ministry's ____ at Hogwarts.interfering
47.9%
But honestly, all this hysteria about _____. They can't all be horrible. . . . It's the same sort of prejudice that people have toward werewolves.giants
40.2%
Well, honestly ... 'the ____ have informed her' ... who sets the exam? She does! What an amazing prediction!fates
27.9%

Today's Daily Dose

Get the Picture
Which JB?

Remove Ads.
Support Sporcle.
Get the best of Sporcle when you Go Orange. This ad-free experience offers more features, more stats, and more fun while also helping to support Sporcle. Thank you for becoming a member.

You're not logged in!

Compare scores with friends on all Sporcle quizzes.
OR
Log In

Show Comments

Extras

Top Quizzes Today


Score Distribution

Your Account Isn't Verified!

In order to create a playlist on Sporcle, you need to verify the email address you used during registration. Go to your Sporcle Settings to finish the process.

Report this User

Report this user for behavior that violates our Community Guidelines.

Details: